00317nam a2200085Ia 4500008004100000100001500041245004900056260010500105650002100210220216s9999 xx 000 0 und d aBelt M J W 0aLondon trade role in international marketing bProceedings of the International Rubber Marketing Conference, 1983, Kuala Lumpur, Malaysia, p246-251 aRubber marketing